MARC details
| 000 -LEADER |
| fixed length control field |
02326cam a2200493 i 4500 |
| 001 - CONTROL NUMBER |
| control field |
21392654 |
| 005 - DATE AND TIME OF LATEST TRANSACTION |
| control field |
20220302140906.0 |
| 008 - FIXED-LENGTH DATA ELEMENTS--GENERAL INFORMATION |
| fixed length control field |
200117s2020 enkab b 001 0 eng |
| 010 ## - LIBRARY OF CONGRESS CONTROL NUMBER |
| LC control number |
2020002545 |
| 020 ## - INTERNATIONAL STANDARD BOOK NUMBER |
| International Standard Book Number |
9781509532810 |
| 020 ## - INTERNATIONAL STANDARD BOOK NUMBER |
| International Standard Book Number |
9781509532827 |
| 020 ## - INTERNATIONAL STANDARD BOOK NUMBER |
| Canceled/invalid ISBN |
9781509532841 |
| 040 ## - CATALOGING SOURCE |
| Original cataloging agency |
DGU/DLC |
| Language of cataloging |
eng |
| Transcribing agency |
DLC |
| Description conventions |
rda |
| Modifying agency |
DLC |
| 042 ## - AUTHENTICATION CODE |
| Authentication code |
pcc |
| 043 ## - GEOGRAPHIC AREA CODE |
| Geographic area code |
aw----- |
| -- |
ff----- |
| 050 00 - LIBRARY OF CONGRESS CALL NUMBER |
| Classification number |
DS62.8 |
| Item number |
.A375 2020 |
| 082 00 - DEWEY DECIMAL CLASSIFICATION NUMBER |
| Classification number |
DC 355.033056 |
| Edition number |
2020 |
| Item number |
Ah71 |
| 100 1# - MAIN ENTRY--PERSONAL NAME |
| Personal name |
Ahram, Ariel I. |
| Fuller form of name |
(Ariel Ira), |
| Dates associated with a name |
1979- |
| Relator term |
author. |
| 9 (RLIN) |
44289 |
| 245 10 - TITLE STATEMENT |
| Title |
War and conflict in the Middle East and North Africa / |
| Statement of responsibility, etc. |
Ariel I Ahram. |
| 260 ## - PUBLICATION, DISTRIBUTION, ETC. (IMPRINT) |
| Place of publication, distribution, etc. |
Polity Press, |
| Name of publisher, distributor, etc. |
Medford, MA, |
| Date of publication, distribution, etc. |
©2020. |
| 300 ## - PHYSICAL DESCRIPTION |
| Extent |
xi, 263 pages : |
| Other physical details |
illustrations, maps ; |
| Dimensions |
25 cm |
| 504 ## - BIBLIOGRAPHY, ETC. NOTE |
| Bibliography, etc |
Includes bibliographical references and index. |
| 505 0# - FORMATTED CONTENTS NOTE |
| Formatted contents note |
Accounting for War in the Middle East and North Africa -- The MENA Security Predicament -- Oil as Conflict Trap -- Identity as Conflict Trap -- Geopolitics as Conflict Trap -- Fragmentation, Integration, and War in the 2010s -- Peace and Peacemaking. |
| 520 ## - SUMMARY, ETC. |
| Summary, etc. |
"A conceptually and empirically rich introduction to war and conflict in the MENA"-- |
| 650 #0 - SUBJECT ADDED ENTRY--TOPICAL TERM |
| Topical term or geographic name as entry element |
Petroleum |
| General subdivision |
Political aspects |
| Geographic subdivision |
Middle East. |
| 9 (RLIN) |
44290 |
| 650 #0 - SUBJECT ADDED ENTRY--TOPICAL TERM |
| Topical term or geographic name as entry element |
Petroleum |
| General subdivision |
Political aspects |
| Geographic subdivision |
Africa, North. |
| 9 (RLIN) |
44291 |
| 650 #0 - SUBJECT ADDED ENTRY--TOPICAL TERM |
| Topical term or geographic name as entry element |
Geopolitics |
| Geographic subdivision |
Middle East. |
| 9 (RLIN) |
44292 |
| 650 #0 - SUBJECT ADDED ENTRY--TOPICAL TERM |
| Topical term or geographic name as entry element |
Geopolitics |
| Geographic subdivision |
Africa, North. |
| 9 (RLIN) |
44293 |
| 650 #0 - SUBJECT ADDED ENTRY--TOPICAL TERM |
| Topical term or geographic name as entry element |
Civil war |
| Geographic subdivision |
Middle East. |
| 9 (RLIN) |
44294 |
| 650 #0 - SUBJECT ADDED ENTRY--TOPICAL TERM |
| Topical term or geographic name as entry element |
Civil war |
| Geographic subdivision |
Africa, North. |
| 9 (RLIN) |
44295 |
| 650 #0 - SUBJECT ADDED ENTRY--TOPICAL TERM |
| Topical term or geographic name as entry element |
Peace-building |
| Geographic subdivision |
Middle East. |
| 9 (RLIN) |
44296 |
| 650 #0 - SUBJECT ADDED ENTRY--TOPICAL TERM |
| Topical term or geographic name as entry element |
Peace-building |
| Geographic subdivision |
Africa, North. |
| 9 (RLIN) |
44297 |
| 651 #0 - SUBJECT ADDED ENTRY--GEOGRAPHIC NAME |
| Geographic name |
Middle East |
| General subdivision |
History |
| Chronological subdivision |
20th century. |
| 9 (RLIN) |
44298 |
| 651 #0 - SUBJECT ADDED ENTRY--GEOGRAPHIC NAME |
| Geographic name |
Middle East |
| General subdivision |
History |
| Chronological subdivision |
21st century. |
| 9 (RLIN) |
44299 |
| 651 #0 - SUBJECT ADDED ENTRY--GEOGRAPHIC NAME |
| Geographic name |
Africa, North |
| General subdivision |
History |
| Chronological subdivision |
20th century. |
| 9 (RLIN) |
44300 |
| 651 #0 - SUBJECT ADDED ENTRY--GEOGRAPHIC NAME |
| Geographic name |
Africa, North |
| General subdivision |
History |
| Chronological subdivision |
21st century. |
| 9 (RLIN) |
44301 |
| 651 #0 - SUBJECT ADDED ENTRY--GEOGRAPHIC NAME |
| Geographic name |
Middle East |
| General subdivision |
Ethnic relations. |
| 9 (RLIN) |
44302 |
| 651 #0 - SUBJECT ADDED ENTRY--GEOGRAPHIC NAME |
| Geographic name |
Africa, North |
| General subdivision |
Ethnic relations. |
| 9 (RLIN) |
44303 |
| 776 08 - ADDITIONAL PHYSICAL FORM ENTRY |
| Relationship information |
Online version: |
| Main entry heading |
Ahram, Ariel I. (Ariel Ira), 1979- |
| Title |
War and conflict in the Middle East and North Africa |
| Place, publisher, and date of publication |
Cambridge, UK ; Medford, MA : Polity, 2020 |
| International Standard Book Number |
9781509532841 |
| Record control number |
(DLC) 2020002546 |
| 365 ## - TRADE PRICE |
| Price amount |
2,606.00 |
| Currency code |
Php |
| 906 ## - LOCAL DATA ELEMENT F, LDF (RLIN) |
| a |
7 |
| b |
cbc |
| c |
orignew |
| d |
1 |
| e |
ecip |
| f |
20 |
| g |
y-gencatlg |
| 942 ## - ADDED ENTRY ELEMENTS (KOHA) |
| Source of classification or shelving scheme |
Dewey Decimal Classification |
| Koha item type |
Circulation |